Formula 1 Drivers by Team History - Statistics

General Stats
  • This quiz has been taken 33 times
  • The average score is 15 of 30
Answer Stats
Debut Team History Driver % Correct
2023 McLaren Oscar Piastri
96%
2018 Sauber > Ferrari Charles Leclerc
93%
2015 Toro Rosso > Red Bull Max Verstappen
93%
2013 Williams > Mercedes > Alfa Romeo > Kick Sauber > Cadillac Valtteri Bottas
85%
2007 McLaren > Mercedes > Ferrari Lewis Hamilton
81%
2007 BMW Sauber > Toro Rosso > Red Bull > Ferrari > Aston Martin Sebastian Vettel
81%
2011 HRT > Toro Rosso > Red Bull > Renault > McLaren > AlphaTauri > Racing Bulls Daniel Ricciardo
78%
2001 Minardi > Renault > McLaren > Renault > Ferrari > McLaren > Alpine > Aston Martin Fernando Alonso
78%
2001 Sauber > McLaren > Ferrari > Lotus > Ferrari > Alfa Romeo Kimi Räikkönen
70%
2006 Williams > Mercedes Nico Rosberg
70%
2000 Williams > Benetton > Renault > BAR > Honda > Brawn > McLaren Jenson Button
63%
2002 Sauber > Ferrari > Williams Felipe Massa
56%
1991 Jordan > Benetton > Ferrari > Mercedes Michael Schumacher
56%
1980 McLaren > Renault > McLaren > Ferrari > Williams Alain Prost
48%
1984 Toleman > Lotus > McLaren > Williams Ayrton Senna
48%
1994 Williams > McLaren > Red Bull David Coulthard
48%
1950 Alfa Romeo > Maserati > Mercedes > Ferrari > Maserati > Scuderia Sud Americana Juan Manuel Fangio
48%
1991 Lotus > McLaren Mika Häkkinen
41%
1973 March > Hesketh > McLaren > Wolf James Hunt
30%
1978 Ensign > McLaren > Brabham > Williams > Lotus > Benetton Nelson Piquet
30%
1980 Lotus > Williams > Ferrari > Williams > McLaren Nigel Mansell
30%
1971 March > B.R.M. > Ferrari > Brabham > McLaren Niki Lauda
30%
1965 B.R.M. > Matra > March > Tyrell Jackie Stewart
26%
1960 Lotus Jim Clark
26%
1997 Jordan > Williams > Toyota Ralf Schumacher
26%
1955 Cooper > Maserati > Cooper > Brabham Jack Brabham
22%
1958 Maserati > Ferrari > A.T.S. > Cooper Phil Hill
22%
1970 Ferrari > B.R.M. > Ferrari > Ensign > Shadow > Williams > Ensign Clay Regazzoni
19%
1977 McLaren > Ferrari Gilles Villeneuve
19%
1957 Ferrari > Porsche > Ferrari > Scuderia Centro Sud > Ferrari Wolfgang Graf Berghe von Trips
15%
No matching quizzes found
Score Distribution
Percent of People with Each Score
Percentile by Number Answered
Your Score History
You have not taken this quiz